• 首页
  • 本馆介绍
  • 公告通知
  • 最新文献
  • 馆藏检索
  • 电子资源
  • 读者导购
  • 参考咨询
  • 我的图书馆
  • 登录
  • 详细信息显示
  • 放入我的书架
  • 预约/预借图书
  • 作者相关作品
  • 分类相关作品
  • 丛书相关作品
  • 出版社相关作品

书目信息

  • 表格格式
  • 工作单格式
  • 卡片格式
题名:
中国农村教育财政体制
    
 
作者: 刘惠林 著
分册:  
出版信息: 北京   社会科学文献出版社  2012
页数: 390页
开本: 24cm
丛书名:
单 册:
中图分类: G725
科图分类:
主题词: 乡村教育--财政体制--研究--中国 , 乡村教育 , 财政体制
电子资源:
ISBN: 978-7-5097-3336-3
000 01070nam0 2200277 450
001 012015000087
005 20151210163315.90
010    @a978-7-5097-3336-3@dCNY68.00
100    @a20120930d2012 em y0chiy50 ea
101 0  @achi
102    @aCN@b110000
105    @ay z 000yy
106    @ar
200 1  @a中国农村教育财政体制@Azhong guo nong cun jiao yu cai zheng ti zhi@dChina rural education financial system@f刘惠林著@zeng
210    @a北京@c社会科学文献出版社@d2012
215    @a390页@d24cm
300    @a教育部人文社会科学研究规划基金项目资助
330    @a本书特别重视当前农村教育财政体制的实证研究,分析了农村教育财政体制的有关理论与实践问题,提出了以中央和省级财政为财政供给主体的农村教育财政体制的基本构想,对建立公共型农村教育财政体制的配套措施提出了系统建议。
510 1  @aChina rural education financial system@zeng
606 0  @a乡村教育@x财政体制@x研究@y中国
606 0  @a乡村教育
606 0  @a财政体制
690    @aG725@v5
701  0 @a刘惠林@Aliu hui lin@f(1957~)@4著
801  0 @aCN@b碧洲教育@c20151129
905    @a10447@f3@dG725@e136
    
    中国农村教育财政体制=China rural education financial system/刘惠林著.-北京:社会科学文献出版社,2012
    390页;24cm
    教育部人文社会科学研究规划基金项目资助
    
    ISBN 978-7-5097-3336-3:CNY68.00
    本书特别重视当前农村教育财政体制的实证研究,分析了农村教育财政体制的有关理论与实践问题,提出了以中央和省级财政为财政供给主体的农村教育财政体制的基本构想,对建立公共型农村教育财政体制的配套措施提出了系统建议。
●
相关链接 在E读中查询图书 在五车中查询图书 在当当中查询图书 在豆瓣中查询图书


正题名:中国农村教育财政体制     索取号:G725/136         预约/预借

序号 登录号 条形码 馆藏地/架位号 状态 备注
1 0872184   208721846   第一样本阅览室/ [索取号:G725/136] 在馆    
2 0872185   208721855   教育系资料室/ [索取号:G725/136] 在馆    
3 0872186   208721864   教育系资料室/ [索取号:G725/136] 在馆    
唐山师范学院图书馆 欢迎您!
大连网信软件有限公司© 版权所有